000 00456nam a2200169Ia 4500
999 _c54462
_d54462
003 GCL
005 20240530105251.0
008 140319s9999 xx 000 0 ara d
020 _a9771660365
040 _aGCL /
_cGCL
082 0 4 _a227.5
_bف ع
100 0 _aفهيم عزيز
245 1 0 _aعلم التفسير /
_cفهيم عزيز
260 _a[S.N] :
_bدار الثقافة المسيحية ،
_c1977
300 _a516 ص
942 _2ddc
_cBK